Κατάλογος Βιβλιοθηκών Mediterranean College

Ψυχικές Διαταραχές και Μαθησιακές Δυσκολίες Παιδιών και Εφήβων (Record no. 6293)

MARC details
000 -LEADER
fixed length control field 02513cam a22002054a 4500
005 - ΗΜΕΡΟΜΗΝΙΑ ΚΑΙ ΩΡΑ ΤΕΛΕΥΤΑΙΑΣ ΕΝΗΜΕΡΩΣΗΣ
Πεδίο ελέγχου 20250605164238.0
008 - FIXED-LENGTH DATA ELEMENTS--GENERAL INFORMATION
Πεδίο ελέγχου σταθερού μήκους 250528s ||||||||||||||||||||||||d
035 ## - SYSTEM CONTROL NUMBER
System control number 21226
020 ## - ISBN
ISBN 9789600113167
040 ## - ΠΗΓΗ ΚΑΤΑΛΟΓΟΓΡΑΦΗΣΗΣ
Φορέας πρωτότυπης καταλογογράφησης MC Athens Campus Library
Γλώσσα καταλογογράφησης Ελληνικά, Μοντέρνα (1453-)
Modifying agency MC Athens Campus Library
Κανόνες περιγραφικής καταλογογράφησης AACR2
245 1# - ΤΙΤΛΟΣ ΚΑΙ ΔΗΛΩΣΗ ΥΠΕΥΘΥΝΟΤΗΤΑΣ
Τίτλος Ψυχικές Διαταραχές και Μαθησιακές Δυσκολίες Παιδιών και Εφήβων
250 ## - EDITION STATEMENT
Edition statement
260 ## - PUBLICATION, DISTRIBUTION, ETC.
Name of publisher, distributor, etc. Gutenberg,
Date of publication, distribution, etc. 2010
300 ## - PHYSICAL DESCRIPTION
Extent 422
520 ## - SUMMARY, ETC.
Summary, etc. Στο παρόν βιβλίο περιγράφονται οι ψυχικές διαταραχές παιδιών και εφήβων με παράλληλη αναζήτηση των αιτιών που τις προκαλούν, την κλινική εικόνα που εμφανίζουν, τις επιπτώσεις στην οικογενειακή και σχολική ζωή, και προτείνονται τρόποι θεραπευτικής αντιμετώπισης τους. Πρόλογος, Θεωρίες Ανάπτυξης του Ατόμου, Κριτήρια Ψυχικής Υγείας, Κριτήρια Ανθρώπινης Συμπεριφοράς, Επιδημιολογία και Συμπτώματα Ψυχικών Διαταραχών, Αγχώδεις Διαταραχές, Διαταραχές Διαγωγής, Διαταραχή Ελλειματικής Προσοχής - Υπερκινητικότητα, Διαταραχές Διάθεσης, Νοητική Υστέρηση, Διάχυτες Αναπτυξιακές Διαταραχές, Παιδική Σχιζοφρένεια, Διαταραχές Βασικών Σωματικών Λειτουργιών, Διαταραχές ΤΙΚ, Ερωτική Συμπεριφορά, Γλωσσική Λειτουργία, Λειτουργίες του Εγκεφάλου και Μαθηματικά, Μαθησιακές Δυσκολίες, Αναπτυξιακές Διαταραχές Μάθησης και Επικοινωνίας, Δυσλεξία, Μαθησιακές Δυσκολίες Παιδιών με Αισθητηριακές Μειονεξίες, Μύθοι και Πραγματικότητα για τη Δυσλεξία, Ομάδα Ψυχικής Υγιεινής, Αντιμετώπιση Ψυχικών Διαταραχών, Βιβλιογραφία, Ευρετήριο Συγγραφέων και Θεματικών Όρων.
700 1# - ΠΡΟΣΘΕΤΗ ΑΝΑΓΡΑΦΗ--ΦΥΣΙΚΟ ΠΡΟΣΩΠΟ
Personal name Παπαδάτος Γιάννης
9 (RLIN) 6826
942 ## - ADDED ENTRY ELEMENTS (KOHA)
Koha item type Books
Holdings
Τύπος τεκμηρίου Βιβλιοθήκη Τρέχουσα τοποθεσία Barcode Αριθμός εισαγωγής Ημερομηνία απόκτησης Ταξιθετικό σύμβολο Αριθμός αντιτύπου Κατάσταση απόσυρσης Κατάσταση χαμένου Κατάσταση κατεστραμμένου Μη δανεισμός Σύνολο δανεισμών Ημερομηνία τελευταίας εμφάνισης Η τιμή ισχύει από
Books MC Athens Campus Library MC Athens Campus Library 9780000062925 5131 05/06/2025 618.928 PAP 1           05/06/2025 05/06/2025

MC Athens Campus Library
Πατησίων 94 & Κοδριγκτώνος 13, 104 34
Πελλήνης 8 & Πατησίων 107, 112 51
Τ: +30 210 8899600

MC Thessaloniki Campus Library
Ίωνος Δραγούμη 21, 54625 | Ίωνος Δραγούμη 15, 54625
Τ: +30 2310 287779 – Τ: +30 2314 440300